[Event "Forni di Sopra Dolomiti 2018"]
[Site "Forni di Sopra"]
[Date "2018.06.12"]
[Round "5.8"]
[White "Terao, Juliana Sayumi"]
[Black "Loiacono, Antonio"]
[Result "1-0"]
[WhiteElo "2292"]
[BlackElo "2197"]
[Annotator "NA"]
[PlyCount "77"]
[EventDate "2018.??.??"]
[EventType "swiss"]
[EventCountry "ITA"]
[SourceTitle "playchess.com"]
[Source "ChessBase"]
[SourceQuality "1"]
[TimeControl "40/5400+30:1800+30"]

1. e4 {[%emt 0:04:30]} e5 {[%emt 0:01:00]} 2. Nf3 {[%emt 0:00:00]} Nc6 {[%emt 0:00:00]} 3. Bb5 {[%emt 0:00:00]} g6 {[%emt 0:00:00]} 4. c3 {[%emt 0:00:30]} Bg7 {[%emt 0:00:30]} 5. d4 {[%emt 0:00:30]} exd4 {[%emt 0:00:00] C60: Ruy Lopez: Unusual Black 3rd moves and 3...g6} 6. cxd4 {[%emt 0:00:30]} a6 {[%emt 0:00:00]} 7. Ba4 {[%emt 0:00:00]} (7. Bc4 b5 8. Bb3 Nge7 9. Nc3 Na5 10. Bc2 d6 11. h3 O-O 12. O-O Bb7 13. Re1 {½-½ (41) Hamdouchi,H (2580)-Malakhov,V (2691) Brest 2018}) 7... b5 {[%emt 0:00:30]} 8. Bc2 {[%emt 0:00:00]} d6 {[%emt 0:00:00]} 9. h3 {[%emt 0:00:30]} Nge7 {[%emt 0:00:00]} 10. O-O {[%emt 0:00:30]} O-O {[%emt 0:00:00]} 11. Nc3 {[%emt 0:01:30]} Bb7 {[%emt 0:01:00]} 12. Be3 {[%emt 0:00:30]} Na5 {[%emt 0:00:30]} 13. Qc1 {[%emt 0:01:30]} Nc4 $146 {[%emt 0:06:30]} ({Predecessor:} 13... f5 14. Bh6 b4 15. Bxg7 Kxg7 16. Ng5 {1-0 (51) Nevostrujev,V (2406)-Kvan,A (2180) Pavlodar 2016}) 14. Bh6 {[%emt 0:00:30]} c5 {[%emt 0:00:30]} 15. Bxg7 {[%emt 0:00:30]} Kxg7 {[%emt 0:00:30]} 16. Rd1 {[%emt 0:11:30]} Qc7 {[%emt 0:03:30]} 17. b3 {[%emt 0:02:30]} Nb6 {[%emt 0:06:30]} 18. Qd2 {[%emt 0:09:30]} c4 {[%emt 0:07:30]} 19. d5 {[%emt 0:01:30]} Rac8 {[%emt 0:04:30]} 20. Ne2 {[%emt 0:00:30]} Rfe8 {[%emt 0:02:30]} 21. Qd4+ {[%emt 0:03:30]} Kg8 {[%emt 0:01:30]} 22. Nf4 {[%emt 0:01:30]} Nd7 {[%emt 0:02:30]} 23. Rac1 {[%emt 0:23:30]} cxb3 {[%emt 0:01:30]} 24. Bxb3 {[%emt 0:00:30]} Qxc1 {[%emt 0:00:00]} 25. Rxc1 {[%emt 0:00:00]} Rxc1+ {[%emt 0:00:00]} 26. Kh2 {[%emt 0:00:00]} Rc7 {[%emt 0:03:30]} 27. Ng5 {[%emt 0:01:30]} Nc5 {[%emt 0:13:30]} 28. Qf6 {[%emt 0:04:30]} Nc8 {[%emt 0:00:30] [#]} 29. e5 $18 {[%emt 0:07:30]} Nxb3 {[%emt 0:07:30]} 30. exd6 {[%emt 0:00:30]} ({Weaker is} 30. axb3 dxe5 31. d6 Nxd6 $16) 30... Nxd6 {[%emt 0:05:30]} 31. Qxd6 {[%emt 0:00:30]} Rce7 {[%emt 0:00:30]} 32. axb3 {[%emt 0:00:30]} Kg7 {[%emt 0:01:30]} 33. Qb6 {[%emt 0:02:30]} h6 {[%emt 0:01:30]} 34. Nxf7 {[%emt 0:04:58]} Rxf7 {[%emt 0:01:30]} 35. Qxg6+ {[%emt 0:00:05]} Kf8 {[%emt 0:00:30]} 36. Qxh6+ {[%emt 0:01:29]} Kg8 {[%emt 0:00:30]} 37. Qg6+ {[%emt 0:00:06]} Kf8 {[%emt 0:00:30]} 38. Ne6+ {[%emt 0:00:57]} Ke7 {[%emt 0:00:00]} 39. d6+ {[%emt 0:00:16]} 1-0

[Event "Forni di Sopra Dolomiti 2018"]
[Site "Forni di Sopra"]
[Date "2018.06.12"]
[Round "5.9"]
[White "Strikovic, Aleksa"]
[Black "De Santis, Alessio"]
[Result "1/2-1/2"]
[WhiteElo "2493"]
[BlackElo "2260"]
[Annotator "TA"]
[PlyCount "131"]
[EventDate "2018.??.??"]
[EventType "swiss"]
[EventCountry "ITA"]
[SourceTitle "playchess.com"]
[Source "ChessBase"]
[SourceQuality "1"]

{[%evp 9,131,22,62,60,79,61,68,65,57,65,82,70,105,97,131,124,152,152,152,142,149,142,150,140,144,148,175,110,167,176,184,185,306,229,340,337,315,8,8,7,7,8,10,0,0,-22,0,0,0,0,57,55,60,56,82,68,78,80,85,79,212,161,158,106,167,166,161,158,161,160,200,108,109,52,52,48,53,50,63,59,80,45,48,0,47,45,81,52,47,46,67,0,49,22,91,20,20,20,20,20,20,20,25,18,20,14,14,13,14,7,7,5,11,0,0,0,0,0,0,0,0,0,0,0]} 1. c4 b6 2. Nc3 Bb7 3. e4 e6 4. d4 Bb4 5. Qc2 Nc6 (5... Bxc3+ 6. bxc3 Ne7 7. Nf3 d6 8. Bd3 Qd7 9. O-O Nbc6 10. Be3 Na5 11. Nd2 Ba6 12. f4 f5 13. d5 {1-0 (37) Volkov,S (2593)-Khismatullin,D (2655) Moscow 2013}) 6. Nf3 {A40: Unusual replies to 1 d4} Qf6 $146 ({Predecessor:} 6... Qe7 7. Bd2 f5 8. exf5 Nf6 9. O-O-O O-O-O 10. Bd3 d5 11. a3 Bxc3 12. Bxc3 exf5 13. Bxf5+ {½-½ (89) Le,Q (2295)-Bui,V (2480) Ho Chi Minh City 2010}) 7. a3 Bxc3+ $1 8. Qxc3 {White is slightly better.} Qg6 9. Qe3 f6 10. Bd3 Nge7 11. O-O $36 {[%mdl 2048] Black is under strong pressure.} Qf7 12. d5 Ne5 13. Nxe5 fxe5 14. f4 exf4 15. Rxf4 Qh5 16. Bd2 O-O-O 17. Be2 Qe8 18. Rf2 (18. Raf1 $18) 18... Qg6 (18... exd5 $16 {might work better.} 19. cxd5 Kb8) 19. Raf1 $18 Rde8 {[%cal Re6d5]} 20. Bd3 e5 (20... Qg4 {was worth a try.}) 21. c5 Kb8 (21... bxc5 $142 22. Rf7 (22. Qxc5 Nxd5 23. Qxa7 Nf4 $16) 22... Qb6) 22. b4 d6 23. Rf3 $2 ({White should play} 23. Rf7 $18) 23... Nxd5 $1 $11 24. exd5 e4 25. cxd6 cxd6 26. Rg3 exd3 27. Qf4 (27. Qd4 $5 {[%cal Rg3g6]} Qe4 28. Qxe4 Rxe4 29. Rf4 $15) 27... Qf6 (27... Qe4 {feels hotter.} 28. Qxd6+ Ka8 29. Re3 Qxd5 30. Qxd5 Bxd5 31. Rfe1 Rxe3 32. Rxe3 Bc4) 28. Qxf6 gxf6 29. Rxf6 ({Don't blunder} 29. Rxd3 $2 Ba6 $17) 29... Bxd5 (29... Ba6 $11) 30. Rxd3 $14 Bc4 31. Rdxd6 Re2 32. Rd7 Bb5 33. Bf4+ Ka8 34. Rg7 {Rff7 is the strong threat.} Rd8 (34... Re1+ $16 35. Kf2 Ra1) 35. h3 {[%cal Bh2h3,Bh3h4][%mdl 32]} Ra2 36. Kh2 (36. Rff7 $142 {[%csl Gg7][%cal Rf7a7]} Rxa3 37. Rxh7) 36... Rxa3 (36... Bd3 $16 {was called for.}) 37. Rxh7 $18 Rg8 38. h4 Ra2 39. Bg5 Ra4 40. Rff7 (40. h5 $18) 40... Bd3 $16 {[#]} 41. Rh6 (41. Rhg7 $1 $16 {[%cal Rg7g8]} Rxg7 42. Rxg7) 41... Rxb4 $14 42. Rd6 Bg6 43. Re7 Be4 44. Rd2 Ra4 45. Rf2 Bd5 46. Rd2 Bc6 47. Kh3 Be4 48. Re2 Bf5+ 49. Kg3 Bg6 50. R2e6 (50. R2e5 $14) 50... Bh5 51. Kh2 Ra2 {[#]} (51... b5 $11 {remains equal.}) 52. Rf6 ({White should try} 52. Kh3 $1 $16) 52... b5 $11 53. Rf4 b4 54. Rxb4 {With the idea Rf4.} Bf3 $1 55. Kg3 Bxg2 56. Rb5 Bc6 {The position is equal.} 57. Rc5 Ra3+ 58. Kg4 Bf3+ 59. Kf4 Rf8+ 60. Ke5 Bg4 61. Bf6 Re3+ 62. Kd4 Rxe7 63. Bxe7 Rf4+ 64. Ke3 Rf5 65. Rc7 Rf7 66. Bd6 {Precision: White = 41%, Black = 47%.} 1/2-1/2

[Event "Forni di Sopra Dolomiti 2018"]
[Site "Forni di Sopra"]
[Date "2018.06.12"]
[Round "5.10"]
[White "Sgircea, Silvia-Raluca"]
[Black "Vezzosi, Paolo"]
[Result "1-0"]
[WhiteElo "2204"]
[BlackElo "2316"]
[Annotator "TA"]
[PlyCount "79"]
[EventDate "2018.??.??"]
[EventType "swiss"]
[EventCountry "ITA"]
[SourceTitle "playchess.com"]
[Source "ChessBase"]
[SourceQuality "1"]

{[%evp 20,79,0,8,52,39,60,25,45,34,94,53,165,172,177,192,177,137,320,197,201,183,175,113,198,83,176,178,228,221,244,239,408,381,314,0,0,0,0,0,370,366,373,379,373,386,382,379,344,317,333,331,332,325,275,172,150,163,200,104,440,444]} 1. Nf3 Nf6 2. c4 c5 3. Nc3 d5 4. cxd5 Nxd5 5. e3 e6 6. Bc4 Nc6 7. O-O Be7 8. d4 cxd4 9. exd4 O-O 10. Re1 Nxc3 11. bxc3 {LiveBook: 122 Games} Na5 {D41: Queen's Gambit Declined: Semi-Tarrasch with 5 cxd5} (11... b6 12. Bf4 Bb7 13. Re3 Bf6 14. Bd3 Ne7 15. Ne5 Nf5 16. Rh3 g6 17. Qf1 Rc8 18. Ng4 Bg7 19. Rc1 Qd5 {0-1 (118) Jakovenko,D (2725)-Van Wely,L (2639) France 2010}) 12. Bd3 b6 $146 ({Predecessor:} 12... Qc7 13. Qc2 h6 14. Ne5 Bd6 15. c4 b6 16. Bd2 Bxe5 17. Rxe5 Nc6 18. Re4 f5 19. Rh4 {0-1 (27) Klempt,G (2091)-Schuermans,R (2219) Calvia 2007}) 13. Ne5 {Black must now prevent Re3.} Bb7 {White has an edge.} 14. Qh5 {[%csl Gd3][%cal Rh5h7]} f5 ({Black should play} 14... g6 $1 $14 15. Qh3 Bd6) 15. Re3 $40 {[%mdl 128] White is up to no good.} Qd5 (15... Qe8 $14 16. Qe2 Bd6) 16. Bf1 $18 f4 17. Rh3 {[%csl Gh3][%cal Rh5h7]} Qe4 18. Bd2 {Qg4 is the strong threat.} Rac8 $2 (18... Qf5 $16) 19. Re1 Qf5 20. Qxf5 exf5 {[#]} 21. Bxf4 (21. Bb5 $1 $18) 21... Ba3 (21... Bd6 $16 {was necessary.} 22. a4 Rc7) 22. Bd2 (22. Bb5 $18) 22... Rfd8 (22... Bd6 $16) 23. Bd3 g6 24. Rg3 {Hoping for Bxf5.} f4 25. Rg4 Bb2 $2 (25... Re8 26. Rxf4 Bd5) 26. Nxg6 hxg6 27. Re7 $2 ({Stronger than} 27. Bxf4 Bxc3 28. Re6 (28. Rxg6+ Kf7 $17) 28... Kf7 $17) ({Not} 27. Rxg6+ Kf7 $16) (27. Bxg6 $18 Bxc3 28. Bd3+ Kf8 29. Rxf4+ Kg8 30. Rg4+ Kf7 31. Bg6+ Kf6 32. Bg5+ Kg7 33. Bxd8 Bxe1 34. Bf5+ Kf7 35. Bxc8 Bxc8 36. Rf4+ Kg6 37. h4) 27... Bxc3 $11 28. Rxg6+ Kf8 29. Rh7 Bd5 $2 {[%mdl 8192]} (29... Rxd4 $11 30. Bxc3 Rxc3 31. Rh8+ Kf7 32. Rh7+ Kf8 33. Rh8+ Kf7 34. Rh7+ Kf8) 30. Bxf4 $18 {White wants to mate with Bh6+.} Bxd4 31. Bh6+ Ke8 {White should prevent ...Rc3.} 32. Rg4 Rd6 {Threatens to win with ...Rxh6!} 33. Rxd4 Rxh6 34. Rxh6 Rc1+ 35. Bf1 Bc4 {[%csl Gc4][%cal Rc1f1]} 36. Rh8+ Ke7 {[%csl Gc4][%cal Rc1f1]} 37. Rxc4 Nxc4 38. Rc8 b5 39. g3 (39. h4 $18) 39... Ra1 $2 {[%mdl 8192] [#]} (39... Kd7 $16 {is more resistant.} 40. Rc5 Kd6 41. Rxb5 Nd2) 40. Kg2 $1 {Precision: White = 60%, Black = 28%.} 1-0

[Event "Forni di Sopra Dolomiti 2018"]
[Site "Forni di Sopra"]
[Date "2018.06.12"]
[Round "5.11"]
[White "Loiacono, Leonardo"]
[Black "Dobboletta, Alex"]
[Result "1/2-1/2"]
[WhiteElo "2313"]
[BlackElo "2105"]
[Annotator "NA"]
[PlyCount "41"]
[EventDate "2018.??.??"]
[EventType "swiss"]
[EventCountry "ITA"]
[SourceTitle "playchess.com"]
[Source "ChessBase"]
[SourceQuality "1"]
[TimeControl "40/5400+30:1800+30"]

1. d4 {[%emt 0:00:30]} e6 {[%emt 0:05:00]} 2. c4 {[%emt 0:00:00]} f5 {[%emt 0:00:30]} 3. Nc3 {[%emt 0:00:00]} Nf6 {[%emt 0:00:00]} 4. e3 {[%emt 0:00:00]} b6 {[%emt 0:02:00]} 5. Bd3 {[%emt 0:00:00]} Bb7 {[%emt 0:00:30]} 6. f3 {[%emt 0:00:30]} c5 {[%emt 0:01:30]} 7. Nge2 {[%emt 0:00:30] A85: Dutch Defence: 2 c4 Nf6 3 Nc3} Nc6 {[%emt 0:00:30]} 8. O-O {[%emt 0:05:30]} Bd6 {[%emt 0:01:30]} 9. Kh1 {[%emt 0:11:30]} (9. d5 Ne5 10. e4 fxe4 11. Nxe4 Nxe4 12. Bxe4 Qc7 13. Nc3 Nxc4 14. f4 O-O-O {1-0 (48) Laznicka,V (2679)-Vallejo Pons,F (2698) Dubai 2014}) 9... O-O {[%emt 0:02:30]} 10. dxc5 {[%emt 0:00:30]} Bxc5 {[%emt 0:03:30]} 11. e4 {[%emt 0:01:30]} fxe4 $146 {[%emt 0:06:30]} ({Predecessor:} 11... Nh5 12. exf5 exf5 13. Nf4 Qg5 14. Ncd5 Rae8 {1-0 (42) Tanis,C (2227)-Blake,M (2059) ICCF email 2014}) 12. Nxe4 {[%emt 0:00:30]} Be7 {[%emt 0:00:30]} 13. Nxf6+ {[%emt 0:04:30]} Bxf6 {[%emt 0:00:30]} 14. Qc2 {[%emt 0:00:30]} g6 {[%emt 0:03:30]} 15. Bh6 {[%emt 0:04:30]} Rf7 {[%emt 0:06:30]} 16. Rad1 {[%emt 0:10:30]} Nb4 {[%emt 0:05:30]} 17. Qb1 {[%emt 0:00:30]} Nxd3 {[%emt 0:00:30]} 18. Rxd3 {[%emt 0:00:30]} Be5 {[%emt 0:00:30]} 19. Qc1 {[%emt 0:10:30]} Rc8 {[%emt 0:12:30]} 20. Qe3 {[%emt 0:20:30]} Bb8 {[%emt 0:12:30]} ({Black should play} 20... Bxb2 $17 21. Rfd1 Qc7) 21. b3 $11 {[%emt 0:08:56]} 1/2-1/2

[Event "Forni di Sopra Dolomiti 2018"]
[Site "Forni di Sopra"]
[Date "2018.06.12"]
[Round "5.12"]
[White "Calzetta Ruiz, Monica"]
[Black "Faglioni, Isacco"]
[Result "1-0"]
[WhiteElo "2289"]
[BlackElo "1925"]
[Annotator "ChessBase"]
[PlyCount "56"]
[EventDate "2018.??.??"]
[EventType "swiss"]
[EventCountry "ITA"]
[SourceTitle "playchess.com"]
[Source "ChessBase"]
[SourceQuality "1"]
[TimeControl "40/5400+30:1800+30"]

1. e4 {[%emt 0:00:30]} c6 {[%emt 0:01:00]} 2. d4 {[%emt 0:00:00]} d5 {[%emt 0:00:00]} 3. Nd2 {[%emt 0:01:00]} dxe4 {[%emt 0:00:00]} 4. Nxe4 {[%emt 0:00:00]} Bf5 {[%emt 0:00:30]} 5. Ng3 {[%emt 0:00:00]} Bg6 {[%emt 0:00:00]} 6. h4 {[%emt 0:00:30]} h6 {[%emt 0:00:00]} 7. Nf3 {[%emt 0:00:30]} e6 {[%emt 0:01:30]} 8. Ne5 {[%emt 0:04:30]} Bh7 {[%emt 0:04:30]} 9. Bd3 {[%emt 0:11:30]} Bxd3 {[%emt 0:00:00]} 10. Qxd3 {[%emt 0:00:30]} Nf6 {[%emt 0:01:00]} 11. Bd2 {[%emt 0:01:30]} Nbd7 {[%emt 0:00:30]} 12. f4 {[%emt 0:00:30]} Be7 {[%emt 0:02:30]} 13. O-O-O {[%emt 0:00:30]} Qc7 {[%emt 0:09:30]} 14. f5 {[%emt 0:22:30]} Nxe5 {[%emt 0:22:30]} 15. dxe5 {[%emt 0:03:30]} Qxe5 {[%emt 0:00:30]} 16. fxe6 {[%emt 0:00:00]} Rd8 {[%emt 0:02:30]} 17. exf7+ {[%emt 0:07:00]} Kxf7 {[%emt 0:00:30]} 18. Qb3+ {[%emt 0:00:00]} Qd5 {[%emt 0:00:30]} 19. Nf5 {[%emt 0:15:00]} Qxb3 {[%emt 0:01:30]} 20. axb3 {[%emt 0:00:00]} Bc5 {[%emt 0:02:30]} 21. b4 {[%emt 0:00:00]} Bb6 {[%emt 0:06:30]} 22. Rhf1 {[%emt 0:00:30]} Rhe8 {[%emt 0:03:30]} 23. g4 {[%emt 0:01:30]} Kg8 {[%emt 0:00:30]} 24. Nxh6+ {[%emt 0:03:30]} gxh6 {[%emt 0:01:30]} 25. Rxf6 {[%emt 0:00:00]} Re4 {[%emt 0:01:30]} 26. Rg6+ {[%emt 0:02:00]} Kf7 {[%emt 0:00:30]} 27. h5 {[%emt 0:00:00]} Rxd2 {[%emt 0:03:30]} 28. Kxd2 {[%emt 0:01:00]} Ke8 {[%emt 0:00:30]} 1-0

[Event "Forni di Sopra Dolomiti 2018"]
[Site "Forni di Sopra"]
[Date "2018.06.13"]
[Round "6.1"]
[White "Bellia, Fabrizio"]
[Black "Martinez, Ayelen"]
[Result "1-0"]
[WhiteElo "2428"]
[BlackElo "2209"]
[Annotator "TA"]
[PlyCount "81"]
[EventDate "2018.??.??"]
[EventType "swiss"]
[EventCountry "ITA"]
[SourceTitle "playchess.com"]
[Source "ChessBase"]
[SourceQuality "1"]

{[%evp 19,81,-4,45,0,51,41,71,58,83,74,83,81,74,72,105,89,100,81,144,135,279,171,177,158,158,158,162,182,177,175,195,198,194,199,181,175,173,143,196,197,299,209,234,227,413,246,406,422,681,691,676,653,809,772,775,757,721,735,694,645,750,726,821,809]} 1. e4 c5 2. Nf3 d6 3. d4 cxd4 4. Nxd4 Nf6 5. Nc3 a6 6. g3 g6 7. Bg2 Bg7 8. O-O O-O 9. h3 Nc6 10. Nde2 {B91: Sicilian Najdorf: 6 g3} (10. Be3 Bd7 11. Nd5 Rc8 12. Nxc6 bxc6 13. Bb6 Qe8 14. Nc7 Qd8 15. Nd5 Qe8 16. Nc7 Qd8 17. Nd5 Qe8 {½-½ (17) Motylev,A (2665)-Grischuk,A (2750) Sochi 2017}) 10... Be6 {LiveBook: 3 Games} 11. a4 Ne5 (11... Bc4 $11) 12. Nd5 $146 {White is slightly better.} ({Predecessor:} 12. b3 Rc8 13. Bg5 Qd7 14. Kh2 Nfg4+ 15. Kg1 Nf6 16. g4 Nfxg4 17. hxg4 Bxg4 {1-0 (43) Beltran de Heredia Eguiaz,M (2078)-Garcia Ines Sanchez,G (1704) Madrid 2010}) 12... Nfd7 13. Ra2 Nc6 14. c3 a5 15. Nef4 Nc5 16. Nxe6 fxe6 {[#]} 17. Nf4 $1 Qe8 18. Be3 {aiming for Bxc5.} e5 ({Black should try} 18... g5) 19. Nd5 $16 Nd7 (19... Kh8 $16 20. Bxc5 dxc5) 20. Ra3 Rc8 21. h4 e6 22. Nb6 Nxb6 23. Bxb6 Rf7 24. Bh3 Ra8 25. Rb3 (25. Qxd6 Bf8 $16) 25... Qe7 26. Be3 h5 27. Rb5 Kh7 28. Qd2 Bf6 (28... Rg8 $16 {is a better defense.} 29. Qd3 Ra8) 29. Rd1 $18 Rg8 (29... Bg7 $142 30. Bb6 Bf8) 30. Qe2 Kh8 31. Qc4 Nd8 $2 (31... Re8 32. Rd2 Bg7) 32. Bb6 (32. Rb6 $142) 32... Bxh4 $2 (32... g5 {might work better.} 33. Bxd8 (33. Rxa5 gxh4 34. Ra8 hxg3 $16) 33... Rxd8 34. Bxe6 Rg7 35. hxg5 (35. Rxa5 gxh4 36. g4 hxg4 $11) 35... Bxg5) 33. gxh4 g5 (33... Qxh4 $142 34. Bg2 (34. Rxd6 Qxh3 35. Qd3 Rf3 $15) 34... Rgf8) 34. Bxd8 gxh4+ 35. Kh1 Rf3 {[%cal Rf3h3]} 36. Qxe6 (36. Bxe7 $2 {leads to mate.} Rxh3#) 36... Qxe6 37. Bxe6 Rxd8 38. Kg2 Rf4 {[#]} 39. Rxe5 $1 {[%mdl 512]} Kg7 (39... dxe5 40. Rxd8+) 40. Bf5 Kf7 41. Rb5 {Precision: White = 81%, Black = 21%.} 1-0

[Event "Forni di Sopra Dolomiti 2018"]
[Site "Forni di Sopra"]
[Date "2018.06.13"]
[Round "6.2"]
[White "Stella, Andrea"]
[Black "Castellanos Rodriguez, Renier"]
[Result "1/2-1/2"]
[WhiteElo "2500"]
[BlackElo "2501"]
[Annotator "TA"]
[PlyCount "40"]
[EventDate "2018.??.??"]
[EventType "swiss"]
[EventCountry "ITA"]
[SourceTitle "playchess.com"]
[Source "ChessBase"]
[SourceQuality "1"]

{[%evp 15,40,16,21,12,25,25,25,18,23,22,15,27,25,31,21,12,28,34,34,7,10,17,18,25,22,18,14]} 1. d4 Nf6 2. c4 e6 3. Nc3 Bb4 4. Qc2 O-O 5. Nf3 c5 6. dxc5 Na6 7. g3 Nxc5 8. Bg2 b6 9. O-O {E39: Nimzo-Indian: Classical: 4...c5 5 dxc5 0-0} Bb7 10. Nb5 {[#] Hoping for a3.} Be4 (10... Nce4 11. Ng5 d5 12. Rd1 Qc8 13. Nxe4 Nxe4 14. Bxe4 dxe4 15. Bf4 Bc6 16. Bd6 Bxb5 17. Bxb4 {½-½ (30) Lenderman,A (2611)-Yu,Y (2760) chess.com INT 2018}) 11. Qd1 {Strongly threatening a3.White has an edge.} Nb7 12. a3 Be7 13. Bf4 Rc8 14. Rc1 a5 15. Nc3 $146 ({Predecessor:} 15. Bh3 Bxf3 16. exf3 d5 {0-1 (62) Balta,M (2181)-Knittel,M (2016) ICCF email 2015}) 15... Bc6 16. Re1 Nc5 17. b4 axb4 18. axb4 Nce4 19. Nxe4 Bxe4 20. Bd6 Bxd6 1/2-1/2

[Event "Forni di Sopra Dolomiti 2018"]
[Site "Forni di Sopra"]
[Date "2018.06.13"]
[Round "6.3"]
[White "Bryzgalin, Kirill"]
[Black "Santos Ruiz, Miguel"]
[Result "1/2-1/2"]
[WhiteElo "2427"]
[BlackElo "2527"]
[Annotator "TA"]
[PlyCount "34"]
[EventDate "2018.??.??"]
[EventType "swiss"]
[EventCountry "ITA"]
[SourceTitle "playchess.com"]
[Source "ChessBase"]
[SourceQuality "1"]

{[%evp 18,34,0,-13,0,-6,0,0,29,0,18,-9,26,0,8,0,27,0,23]} 1. d4 Nf6 2. Nf3 d5 3. c4 e6 4. Nc3 c6 5. cxd5 exd5 6. Bf4 Bf5 7. e3 Be7 8. Be2 Nbd7 {[%cal Bb8d7,Bd7f8,Bf8e6][%mdl 32]} 9. O-O O-O 10. Ne5 Re8 {D35: Damengambit (Abtauschvariante)} (10... Nxe5 11. Bxe5 Ne4 12. Nxe4 Bxe4 {½-½ (12) Popchev,M (2456)-Abramovic,B (2516) Stara Pazova 2007}) 11. Re1 $146 ({Vorgänger:} 11. a3 h6 12. b4 a6 13. Bd3 Bxd3 14. Nxd3 Ne4 15. Nxe4 dxe4 16. Nc5 Nxc5 17. bxc5 Bg5 18. Bg3 {1-0 (36) Van der Westhuizen,C (1915)-Green,G (1975) Hinckley Island 2008}) 11... Nf8 12. Rc1 Ne6 13. Bg3 (13. g4 $5 {[%cal Rg4f5]} Nxf4 14. exf4 $11) 13... Bd6 14. Bf1 Bg6 15. f3 Qb8 16. Qd2 Re7 17. b4 Nh5 {Precision: Weiß = 26%, Schwarz = 12%.} 1/2-1/2

[Event "Forni di Sopra Dolomiti 2018"]
[Site "Forni di Sopra"]
[Date "2018.06.13"]
[Round "6.4"]
[White "Beshukov, Sergei"]
[Black "Rotstein, Arkadij"]
[Result "1-0"]
[WhiteElo "2402"]
[BlackElo "2490"]
[Annotator "TA"]
[PlyCount "51"]
[EventDate "2018.??.??"]
[EventType "swiss"]
[EventCountry "ITA"]
[SourceTitle "playchess.com"]
[Source "ChessBase"]
[SourceQuality "1"]

{[%evp 18,51,24,16,66,57,62,71,66,73,79,71,108,104,174,134,257,258,225,245,237,238,392,370,576,600,559,560,812,803,787,766,855,841,931,918]} 1. Nf3 g6 2. g3 Bg7 3. Bg2 e5 4. d3 d6 5. c4 f5 6. Nc3 Nf6 7. O-O O-O 8. Rb1 h6 9. b4 {[%cal Bb2b4,Bb4b5][%mdl 32]} g5 10. Ne1 {LiveBook: 5 Games. A21: English Opening: 1...e5 2 Nc3} (10. b5 Kh8 11. Ba3 Nbd7 12. Nd2 a6 13. Qb3 axb5 14. cxb5 Nb6 15. Bb4 Qe8 16. a4 Be6 17. Qc2 Rb8 18. a5 {0-1 (37) Harikrishna,P (2727)-Ponomariov,R (2714) Beijing 2014}) 10... f4 11. e3 Nc6 12. b5 {White is slightly better.} Ne7 13. exf4 exf4 14. gxf4 Bg4 $146 ({Predecessor:} 14... g4 15. Ne2 Ng6 16. Be3 a6 {0-1 (32) Khusnutdinova,L (2240)-Kosintseva,N (2262) Russia 2000}) 15. f3 Bd7 (15... Bh5 $16) 16. fxg5 $18 Nh5 (16... Nh7 $16 {is a better defense.}) 17. f4 Nxf4 18. Bxf4 Bxc3 19. Nc2 ({Don't take} 19. gxh6 $6 Ng6) 19... Ng6 $2 (19... Bf5 20. gxh6 d5) 20. Bd5+ Kh7 (20... Kh8 {might work better.}) 21. Qh5 {[%csl Gf4,Gg5][%cal Rh5h6] [#] White is clearly winning.} Bg7 22. Be3 Ne5 23. Rxf8 Qxf8 {[#]} 24. g6+ $1 {[%mdl 512]} Nxg6 25. Rf1 Qe8 26. Bf7 {Precision: White = 94%, Black = 16%.} 1-0

[Event "Forni di Sopra Dolomiti 2018"]
[Site "Forni di Sopra"]
[Date "2018.06.13"]
[Round "6.5"]
[White "Lazic, Miroljub"]
[Black "Calzetta Ruiz, Monica"]
[Result "0-1"]
[WhiteElo "2506"]
[BlackElo "2289"]
[Annotator "TA"]
[PlyCount "73"]
[EventDate "2018.??.??"]
[EventType "swiss"]
[EventCountry "ITA"]
[SourceTitle "playchess.com"]
[Source "ChessBase"]
[SourceQuality "1"]

{[%evp 19,73,30,30,20,35,6,19,0,0,0,2,-67,8,24,43,0,0,-6,0,0,0,0,19,20,22,0,38,-29,-31,-60,-55,-245,-122,-122,-101,-108,-96,-89,-77,-186,-198,-192,-190,-170,-137,-292,-307,-792,-794,-969,-852,-29982,-29983,-29981,-29981,-29991]} 1. g3 c5 2. Bg2 Nc6 3. e4 g6 4. Nc3 Bg7 5. d3 Nf6 6. f4 d6 7. Nf3 O-O 8. O-O Bg4 9. h3 Bxf3 10. Qxf3 Nd7 {LiveBook: 10 Games} 11. g4 {B25: Closed Sicilian: 3 g3, lines without early Be3} (11. Nd5 Rc8 12. g4 c4 13. dxc4 Na5 14. Rb1 Nxc4 15. b3 e6 16. bxc4 exd5 17. cxd5 Rxc2 18. Rxb7 Qc8 {1-0 (45) Hess,R (2484)-Gopal,G (2572) Philadelphia 2008}) 11... Rc8 12. Be3 b5 $146 {[%cal Bb7b5,Bb5b4][%mdl 32]} ({Predecessor:} 12... Nd4 13. Qf2 b5 14. f5 e6 15. Qd2 b4 16. Nd1 Nb6 17. c3 bxc3 18. bxc3 {1-0 (27) Reznik,L (1849)-Richter,S (1789) Mecklenburg VP 2010}) 13. Qf2 {The position is equal.} b4 14. Nd1 $1 Qa5 15. c3 (15. Qd2 $11) 15... Qa6 (15... bxc3 $15 16. Nxc3 Bxc3 17. bxc3 Qxc3) 16. Qd2 $11 Nb6 17. c4 Nd4 {Threatens to win with ...Nb3!} 18. Nf2 Na4 19. Rab1 Rb8 $36 {[%mdl 2048] Black is more active.} 20. f5 Nc3 21. Rbe1 $1 ({Reject} 21. bxc3 bxc3 22. Qe1 Rxb1 $17) 21... Nxa2 22. g5 b3 {[#]} 23. Ng4 (23. f6 $1 $14 {[%mdl 512]} exf6 24. gxf6 Bxf6 25. Ng4) 23... Be5 $1 24. Qf2 Nb4 25. Qh4 $2 ({Better is} 25. Rd1 $15) 25... Nbc2 (25... Nxd3 $19 {has better winning chances.} 26. Nxe5 dxe5) 26. Nxe5 $17 dxe5 (26... Nxe1 27. Bxd4 dxe5 28. Bxe5 $16) 27. Bxd4 Nxd4 28. Qh6 Qd6 29. f6 (29. h4 $17) 29... exf6 30. gxf6 {[%csl Gf6][%cal Rh6g7] [#]} Ne6 31. Ra1 Rb7 32. Ra5 $2 (32. Bf3 $17) 32... Qxd3 $19 33. Rfa1 $2 (33. Raa1) 33... Qd4+ 34. Kh1 Qxb2 35. Rxa7 Rxa7 36. Rxa7 Qf2 37. Bf1 {Precision: White = 19%, Black = 54%.} 0-1